[Event "1st 4NCL Easter Congress"]
[Site "Stevenage"]
[Date "2019.04.22"]
[Round "6"]
[Board "19"]
[White "See, Tristian"]
[Black "Vaidya, Raghav"]
[Result "1-0"]
[WhiteElo "1978"]
[BlackElo "1438"]
[PlyCount "0"]
[EventDate "2019.04.19"]
[EventRounds "7"]
[EventCountry "ENG"]

1. e4 {[%clk 01:30:56]} {[%emt 00:00:03]} e5 {[%clk 01:30:55]} {[%emt
00:00:05]} 2. Nf3 {[%clk 01:31:19]} {[%emt 00:00:07]} Nc6 {[%clk 01:31:20]}
{[%emt 00:00:05]} 3. Bc4 {[%clk 01:31:45]} {[%emt 00:00:05]} Bc5 {[%clk
01:31:44]} {[%emt 00:00:05]} 4. b4 {[%clk 01:32:07]} {[%emt 00:00:08]} Bxb4
{[%clk 01:31:58]} {[%emt 00:00:16]} 5. c3 {[%clk 01:32:28]} {[%emt 00:00:09]}
Ba5 {[%clk 01:32:24]} {[%emt 00:00:04]} 6. d4 {[%clk 01:32:47]} {[%emt
00:00:10]} d6 {[%clk 01:32:24]} {[%emt 00:00:30]} 7. Qb3 {[%clk 01:33:01]}
{[%emt 00:00:16]} Qd7 {[%clk 01:31:20]} {[%emt 00:01:35]} 8. Nbd2 {[%clk
01:30:20]} {[%emt 00:03:10]} Nf6 {[%clk 01:26:09]} {[%emt 00:05:41]} 9. dxe5
{[%clk 01:29:56]} {[%emt 00:00:54]} Nxe5 {[%clk 01:21:21]} {[%emt 00:05:18]} 10.
Nxe5 {[%clk 01:29:29]} {[%emt 00:00:57]} dxe5 {[%clk 01:21:46]} {[%emt
00:00:06]} 11. Ba3 {[%clk 01:25:17]} {[%emt 00:04:43]} c6 {[%clk 01:19:38]}
{[%emt 00:02:38]} 12. Rd1 {[%clk 01:20:45]} {[%emt 00:05:01]} b5 {[%clk
01:17:34]} {[%emt 00:02:34]} 13. Be2 {[%clk 01:17:59]} {[%emt 00:03:15]} Qb7
{[%clk 01:02:35]} {[%emt 00:15:30]} 14. O-O {[%clk 01:14:23]} {[%emt 00:04:05]}
Be6 {[%clk 01:02:51]} {[%emt 00:00:15]} 15. Qc2 {[%clk 01:11:19]} {[%emt
00:03:34]} O-O-O {[%clk 01:02:04]} {[%emt 00:01:16]} 16. Nb3 {[%clk 01:04:41]}
{[%emt 00:07:08]} Bxb3 {[%clk 01:01:33]} {[%emt 00:01:01]} 17. axb3 {[%clk
01:04:46]} {[%emt 00:00:25]} Rxd1 {[%clk 01:01:41]} {[%emt 00:00:22]} 18. Rxd1
{[%clk 01:04:49]} {[%emt 00:00:26]} Rd8 {[%clk 01:01:56]} {[%emt 00:00:16]} 19.
Rb1 {[%clk 00:53:05]} {[%emt 00:12:14]} a6 {[%clk 00:53:48]} {[%emt 00:08:39]}
20. Bb2 {[%clk 00:41:16]} {[%emt 00:12:18]} Bb6 {[%clk 00:48:26]} {[%emt
00:05:52]} 21. c4 {[%clk 00:37:52]} {[%emt 00:03:53]} Bd4 {[%clk 00:48:27]}
{[%emt 00:00:30]} 22. cxb5 {[%clk 00:37:38]} {[%emt 00:00:44]} axb5 {[%clk
00:47:48]} {[%emt 00:01:09]} 23. Bxd4 {[%clk 00:33:04]} {[%emt 00:05:04]} Rxd4
{[%clk 00:44:06]} {[%emt 00:04:12]} 24. Qc5 {[%clk 00:22:30]} {[%emt 00:11:04]}
Qd7 {[%clk 00:42:44]} {[%emt 00:01:52]} 25. Bxb5 {[%clk 00:18:12]} {[%emt
00:04:47]} Nxe4 {[%clk 00:42:21]} {[%emt 00:00:53]} 26. Ba6+ {[%clk 00:14:10]}
{[%emt 00:04:32]} Kd8 {[%clk 00:41:50]} {[%emt 00:01:00]} 27. Qxe5 {[%clk
00:13:26]} {[%emt 00:01:14]} Rd1+ {[%clk 00:38:08]} {[%emt 00:04:13]} 28. Rxd1
{[%clk 00:13:43]} {[%emt 00:00:13]} Qxd1+ {[%clk 00:38:32]} {[%emt 00:00:06]}
29. Bf1 {[%clk 00:14:05]} {[%emt 00:00:08]} Nd2 {[%emt 00:02:40]}  1-0

[Event "1st 4NCL Easter Congress"]
[Site "Stevenage"]
[Date "2019.04.22"]
[Round "7"]
[Board "1"]
[White "Gormally, Daniel W"]
[Black "Harvey, Marcus R"]
[Result "1/2-1/2"]
[WhiteElo "2509"]
[BlackElo "2402"]
[PlyCount "0"]
[EventDate "2019.04.19"]
[EventRounds "7"]
[EventCountry "ENG"]

1. d4 {[%clk 01:30:24]} {[%emt 00:00:35]} Nf6 {[%clk 01:29:02]} {[%emt
00:01:59]} 2. Nf3 {[%clk 01:30:40]} {[%emt 00:00:13]} e6 {[%clk 01:28:58]}
{[%emt 00:00:35]} 3. c4 {[%clk 01:31:04]} {[%emt 00:00:06]} Bb4+ {[%clk
01:29:12]} {[%emt 00:00:16]} 4. Nbd2 {[%clk 01:31:23]} {[%emt 00:00:11]} O-O
{[%clk 01:29:30]} {[%emt 00:00:12]} 5. a3 {[%clk 01:29:22]} {[%emt 00:02:31]}
Bxd2+ {[%clk 01:28:25]} {[%emt 00:01:36]} 6. Bxd2 {[%clk 01:29:46]} {[%emt
00:00:06]} d5 {[%clk 01:28:31]} {[%emt 00:00:24]} 7. Bg5 {[%clk 01:28:11]}
{[%emt 00:02:04]} h6 {[%clk 01:27:55]} {[%emt 00:01:06]} 8. Bh4 {[%clk
01:27:16]} {[%emt 00:01:24]} b6 {[%clk 01:27:37]} {[%emt 00:00:49]} 9. cxd5
{[%clk 01:25:03]} {[%emt 00:02:43]} Qxd5 {[%clk 01:27:29]} {[%emt 00:00:38]} 10.
e3 {[%clk 01:23:41]} {[%emt 00:01:52]} Nbd7 {[%clk 01:27:13]} {[%emt 00:00:46]}
11. Be2 {[%clk 01:21:09]} {[%emt 00:03:01]} Bb7 {[%clk 01:27:19]} {[%emt
00:00:25]} 12. O-O {[%clk 01:20:55]} {[%emt 00:00:44]} c5 {[%clk 01:23:59]}
{[%emt 00:03:50]} 13. dxc5 {[%clk 01:18:45]} {[%emt 00:02:39]} Nxc5 {[%clk
01:24:11]} {[%emt 00:00:19]} 14. Bxf6 {[%clk 01:15:40]} {[%emt 00:03:35]} gxf6
{[%clk 01:24:30]} {[%emt 00:00:10]} 15. Qxd5 {[%clk 01:15:26]} {[%emt
00:00:44]} Bxd5 {[%clk 01:24:52]} {[%emt 00:00:08]} 16. Rad1 {[%clk 01:15:25]}
{[%emt 00:00:31]}  1/2-1/2

[Event "1st 4NCL Easter Congress"]
[Site "Stevenage"]
[Date "2019.04.22"]
[Round "7"]
[Board "2"]
[White "Isaakidis, Alexandros"]
[Black "Hebden, Mark L"]
[Result "0-1"]
[WhiteElo "2173"]
[BlackElo "2420"]
[PlyCount "0"]
[EventDate "2019.04.19"]
[EventRounds "7"]
[EventCountry "ENG"]

1. e4 {[%clk 01:30:43]} {[%emt 00:00:15]} e5 {[%clk 01:30:53]} {[%emt
00:00:07]} 2. Nf3 {[%clk 01:30:45]} {[%emt 00:00:29]} Nc6 {[%clk 01:31:15]}
{[%emt 00:00:08]} 3. Bb5 {[%clk 01:31:07]} {[%emt 00:00:08]} a6 {[%clk
01:31:38]} {[%emt 00:00:08]} 4. Ba4 {[%clk 01:31:32]} {[%emt 00:00:05]} Nf6
{[%clk 01:32:02]} {[%emt 00:00:06]} 5. d3 {[%clk 01:31:56]} {[%emt 00:00:06]}
d6 {[%clk 01:32:15]} {[%emt 00:00:17]} 6. c4 {[%clk 01:32:14]} {[%emt
00:00:11]} Be7 {[%clk 01:32:13]} {[%emt 00:00:32]} 7. Nc3 {[%clk 01:32:26]}
{[%emt 00:00:18]} O-O {[%clk 01:32:35]} {[%emt 00:00:08]} 8. O-O {[%clk
01:32:37]} {[%emt 00:00:18]} Na7 {[%clk 01:32:20]} {[%emt 00:00:46]} 9. d4
{[%clk 01:31:12]} {[%emt 00:01:54]} exd4 {[%clk 01:28:11]} {[%emt 00:04:40]} 10.
Nxd4 {[%clk 01:30:56]} {[%emt 00:00:46]} c5 {[%clk 01:27:35]} {[%emt 00:01:06]}
11. Nf5 {[%clk 01:29:01]} {[%emt 00:02:25]} Bxf5 {[%clk 01:25:08]} {[%emt
00:02:57]} 12. exf5 {[%clk 01:29:18]} {[%emt 00:00:12]} Rb8 {[%clk 01:24:56]}
{[%emt 00:00:42]} 13. Bc2 {[%clk 01:19:01]} {[%emt 00:10:47]} b5 {[%clk
01:23:54]} {[%emt 00:01:33]} 14. g4 {[%clk 01:14:53]} {[%emt 00:04:36]} h6
{[%clk 01:21:44]} {[%emt 00:02:41]} 15. h4 {[%clk 00:39:01]} {[%emt 00:36:22]}
b4 {[%clk 01:21:00]} {[%emt 00:01:16]} 16. Nd5 {[%clk 00:38:28]} {[%emt
00:01:03]} Nxd5 {[%clk 01:20:28]} {[%emt 00:01:01]} 17. Qxd5 {[%clk 00:38:49]}
{[%emt 00:00:08]} Bxh4 {[%clk 01:20:45]} {[%emt 00:00:13]} 18. Bf4 {[%clk
00:38:10]} {[%emt 00:01:08]} Nc8 {[%clk 01:20:09]} {[%emt 00:01:07]} 19. Rad1
{[%clk 00:37:32]} {[%emt 00:01:07]} Re8 {[%clk 01:20:05]} {[%emt 00:00:35]} 20.
Rfe1 {[%clk 00:37:16]} {[%emt 00:00:46]} Bf6 {[%clk 01:18:17]} {[%emt
00:02:18]} 21. Qc6 {[%clk 00:27:52]} {[%emt 00:09:54]} Re7 {[%clk 01:14:16]}
{[%emt 00:04:30]} 22. Rxe7 {[%clk 00:19:27]} {[%emt 00:08:56]} Qxe7 {[%clk
01:12:17]} {[%emt 00:02:29]} 23. Kf1 {[%clk 00:18:08]} {[%emt 00:01:49]} Bxb2
{[%clk 01:06:44]} {[%emt 00:06:04]} 24. Re1 {[%clk 00:18:21]} {[%emt 00:00:17]}
Na7 {[%clk 01:05:21]} {[%emt 00:01:53]} 25. Qxd6 {[%clk 00:15:16]} {[%emt
00:03:36]} Qxd6 {[%clk 01:04:48]} {[%emt 00:01:03]} 26. Bxd6 {[%clk 00:15:42]}
{[%emt 00:00:02]} Rc8 {[%clk 01:03:31]} {[%emt 00:01:48]} 27. f4 {[%clk
00:08:06]} {[%emt 00:08:06]} Nc6 {[%clk 01:02:18]} {[%emt 00:01:44]} 28. Be4
{[%clk 00:07:13]} {[%emt 00:01:24]} Bc3 {[%clk 01:01:20]} {[%emt 00:01:27]} 29.
Re3 {[%clk 00:06:59]} {[%emt 00:00:44]} Bd4 {[%clk 00:53:08]} {[%emt 00:08:43]}
30. Re2 {[%clk 00:07:15]} {[%emt 00:00:13]} a5 {[%clk 00:52:55]} {[%emt
00:00:44]} 31. g5 {[%clk 00:07:21]} {[%emt 00:00:24]} Rd8 {[%clk 00:43:24]}
{[%emt 00:10:02]} 32. Bc7 {[%clk 00:00:35]} {[%emt 00:07:16]} Rd7 {[%clk
00:42:26]} {[%emt 00:01:28]} 33. Bb6 {[%clk 00:00:37]} {[%emt 00:00:28]} Rb7
{[%clk 00:41:11]} {[%emt 00:01:45]} 34. Bxc6 {[%clk 00:00:33]} {[%emt
00:00:35]} Rxb6 {[%clk 00:41:39]} {[%emt 00:00:02]} 35. g6 {[%clk 00:00:47]}
{[%emt 00:00:15]} fxg6 {[%clk 00:40:06]} {[%emt 00:02:02]} 36. fxg6 {[%clk
00:01:15]} {[%emt 00:00:03]} Rb8 {[%clk 00:40:26]} {[%emt 00:00:10]} 37. Kg2
{[%clk 00:01:26]} {[%emt 00:00:18]} Bf6 {[%clk 00:40:28]} {[%emt 00:00:28]} 38.
Kf3 {[%clk 00:00:49]} {[%emt 00:01:06]} Kf8 {[%clk 00:40:14]} {[%emt 00:00:45]}
39. Kg4 {[%clk 00:00:59]} {[%emt 00:00:20]} Be7 {[%clk 00:40:29]} {[%emt
00:00:14]} 40. Re5 {[%clk 00:00:44]} {[%emt 00:00:45]} Rc8 {[%clk 00:39:51]}
{[%emt 00:01:09]} 41. Ba4 {[%clk 00:00:42]} {[%emt 00:00:32]} Bf6 {[%clk
00:36:54]} {[%emt 00:03:26]} 42. Re6 {[%clk 00:00:54]} {[%emt 00:00:17]} Rd8
{[%clk 00:35:57]} {[%emt 00:01:28]} 43. Kh5 {[%clk 00:00:40]} {[%emt 00:00:44]}
Be7 {[%clk 00:35:57]} {[%emt 00:00:30]} 44. Re5 {[%clk 00:00:33]} {[%emt
00:00:38]} Rd4 {[%clk 00:35:39]} {[%emt 00:00:47]} 45. Rf5+ {[%clk 00:00:40]}
{[%emt 00:00:23]} Bf6 {[%clk 00:35:01]} {[%emt 00:01:08]} 46. Bc6 {[%clk
00:00:35]} {[%emt 00:00:36]} Ke7 {[%clk 00:34:47]} {[%emt 00:00:44]} 47. Bb5
{[%clk 00:00:31]} {[%emt 00:00:35]} a4 {[%clk 00:33:57]} {[%emt 00:01:19]} 48.
Bxa4 {[%clk 00:00:59]} {[%emt 00:00:02]} Rxc4 {[%clk 00:34:15]} {[%emt
00:00:11]} 49. Kg4 {[%clk 00:00:44]} {[%emt 00:00:45]} Rc1 {[%clk 00:33:31]}
{[%emt 00:01:14]} 50. Rd5 {[%clk 00:00:42]} {[%emt 00:00:32]} Ke6 {[%clk
00:31:35]} {[%emt 00:02:26]} 51. Bc6 {[%clk 00:00:58]} {[%emt 00:00:15]} Be7
{[%clk 00:28:50]} {[%emt 00:03:15]} 52. Re5+ {[%clk 00:00:40]} {[%emt
00:00:49]} Kd6 {[%clk 00:28:57]} {[%emt 00:00:22]} 53. Kf5 {[%clk 00:00:51]}
{[%emt 00:00:19]} Kxc6 {[%clk 00:24:38]} {[%emt 00:04:49]} 54. Rxe7 {[%clk
00:01:15]} {[%emt 00:00:06]} c4 {[%clk 00:25:05]} {[%emt 00:00:03]} 55. Rxg7
{[%clk 00:01:24]} {[%emt 00:00:21]} b3 {[%clk 00:25:30]} {[%emt 00:00:05]} 56.
axb3 {[%clk 00:01:41]} {[%emt 00:00:13]} cxb3 {[%clk 00:25:52]} {[%emt
00:00:07]} 57. Rg8 {[%clk 00:01:37]} {[%emt 00:00:34]} b2 {[%clk 00:25:41]}
{[%emt 00:00:41]} 58. Rb8 {[%clk 00:01:16]} {[%emt 00:00:51]} b1=Q+ {[%clk
00:25:43]} {[%emt 00:00:29]} 59. Rxb1 {[%clk 00:01:44]} {[%emt 00:00:02]} Rxb1
{[%clk 00:26:07]} {[%emt 00:00:06]} 60. g7 {[%clk 00:01:23]} {[%emt 00:00:51]}
Rg1 {[%clk 00:26:21]} {[%emt 00:00:16]} 61. Kf6 {[%clk 00:01:49]} {[%emt
00:00:04]} Kd5 {[%clk 00:26:03]} {[%emt 00:00:47]} 62. f5 {[%clk 00:01:17]}
{[%emt 00:01:02]} Ke4 {[%clk 00:26:19]} {[%emt 00:00:15]}  0-1

[Event "1st 4NCL Easter Congress"]
[Site "Stevenage"]
[Date "2019.04.22"]
[Round "7"]
[Board "3"]
[White "Royal, Shreyas"]
[Black "Buckley, Graeme N"]
[Result "0-1"]
[WhiteElo "1943"]
[BlackElo "2332"]
[PlyCount "0"]
[EventDate "2019.04.19"]
[EventRounds "7"]
[EventCountry "ENG"]

1. d4 {[%clk 01:30:41]} {[%emt 00:00:18]} Nf6 {[%clk 01:30:57]} {[%emt
00:00:03]} 2. c4 {[%clk 01:30:47]} {[%emt 00:00:24]} e6 {[%clk 01:31:23]}
{[%emt 00:00:04]} 3. Nc3 {[%clk 01:30:27]} {[%emt 00:00:50]} Bb4 {[%clk
01:31:48]} {[%emt 00:00:05]} 4. e3 {[%clk 01:29:55]} {[%emt 00:01:02]} b6
{[%clk 01:32:09]} {[%emt 00:00:09]} 5. Nge2 {[%clk 01:26:42]} {[%emt 00:03:43]}
c5 {[%clk 01:32:33]} {[%emt 00:00:05]} 6. d5 {[%clk 01:22:06]} {[%emt
00:05:06]} exd5 {[%clk 01:28:29]} {[%emt 00:04:34]} 7. cxd5 {[%clk 01:21:37]}
{[%emt 00:01:00]} Bb7 {[%clk 01:28:14]} {[%emt 00:00:45]} 8. a3 {[%clk
01:21:28]} {[%emt 00:00:39]} Ba5 {[%clk 01:27:57]} {[%emt 00:00:47]} 9. Bd2
{[%clk 01:19:49]} {[%emt 00:02:09]} O-O {[%clk 01:22:50]} {[%emt 00:05:37]} 10.
Nf4 {[%clk 01:12:23]} {[%emt 00:07:56]} Na6 {[%clk 01:01:47]} {[%emt 00:21:32]}
11. Rb1 {[%clk 01:05:55]} {[%emt 00:06:57]} Qe7 {[%clk 00:56:25]} {[%emt
00:05:53]} 12. Bc4 {[%clk 00:55:02]} {[%emt 00:11:23]} Nc7 {[%clk 00:53:35]}
{[%emt 00:03:18]} 13. O-O {[%clk 00:53:40]} {[%emt 00:01:53]} Rab8 {[%clk
00:39:26]} {[%emt 00:14:40]} 14. Re1 {[%clk 00:41:51]} {[%emt 00:12:19]} Bxc3
{[%clk 00:36:17]} {[%emt 00:03:39]} 15. Bxc3 {[%clk 00:40:53]} {[%emt
00:01:27]} Ne4 {[%clk 00:34:47]} {[%emt 00:02:00]} 16. f3 {[%clk 00:38:12]}
{[%emt 00:03:11]} Nxc3 {[%clk 00:35:10]} {[%emt 00:00:07]} 17. bxc3 {[%clk
00:36:42]} {[%emt 00:02:01]} d6 {[%clk 00:33:58]} {[%emt 00:01:42]} 18. e4
{[%clk 00:35:53]} {[%emt 00:01:18]} Qe5 {[%clk 00:32:23]} {[%emt 00:02:04]} 19.
Qd2 {[%clk 00:34:13]} {[%emt 00:02:11]} Ne8 {[%clk 00:30:26]} {[%emt 00:02:27]}
20. Nd3 {[%clk 00:33:37]} {[%emt 00:01:06]} Qh5 {[%clk 00:30:07]} {[%emt
00:00:49]} 21. e5 {[%clk 00:28:58]} {[%emt 00:05:09]} dxe5 {[%clk 00:29:46]}
{[%emt 00:00:51]} 22. Nxe5 {[%clk 00:28:37]} {[%emt 00:00:52]} Rd8 {[%clk
00:28:50]} {[%emt 00:01:25]} 23. Ba2 {[%clk 00:27:35]} {[%emt 00:01:32]} Nd6
{[%clk 00:28:06]} {[%emt 00:01:14]} 24. Rbd1 {[%clk 00:27:00]} {[%emt
00:01:05]} Qh4 {[%clk 00:25:20]} {[%emt 00:03:15]} 25. Qf2 {[%clk 00:23:55]}
{[%emt 00:03:36]} Qa4 {[%clk 00:25:24]} {[%emt 00:00:26]} 26. Qb2 {[%clk
00:23:54]} {[%emt 00:00:31]} Rfe8 {[%clk 00:22:58]} {[%emt 00:02:55]} 27. c4
{[%clk 00:23:27]} {[%emt 00:00:58]} f6 {[%clk 00:20:13]} {[%emt 00:03:15]} 28.
Bb3 {[%clk 00:23:36]} {[%emt 00:00:20]} Qa5 {[%clk 00:20:02]} {[%emt 00:00:41]}
29. Nd3 {[%clk 00:23:49]} {[%emt 00:00:17]} b5 {[%clk 00:13:23]} {[%emt
00:07:09]} 30. Rf1 {[%clk 00:17:51]} {[%emt 00:06:28]} bxc4 {[%clk 00:12:48]}
{[%emt 00:01:05]} 31. Bxc4 {[%clk 00:18:18]} {[%emt 00:00:03]} Nxc4 {[%clk
00:11:50]} {[%emt 00:01:28]} 32. Qxb7 {[%clk 00:18:44]} {[%emt 00:00:03]} Ne3
{[%clk 00:12:05]} {[%emt 00:00:15]} 33. Nf4 {[%clk 00:18:08]} {[%emt 00:01:07]}
Qa4 {[%clk 00:09:33]} {[%emt 00:03:01]} 34. Ne6 {[%clk 00:15:23]} {[%emt
00:03:15]} Rxe6 {[%clk 00:08:49]} {[%emt 00:01:14]} 35. dxe6 {[%clk 00:15:46]}
{[%emt 00:00:08]} Nxd1 {[%clk 00:09:06]} {[%emt 00:00:14]} 36. Qf7+ {[%clk
00:15:37]} {[%emt 00:00:38]} Kh8 {[%clk 00:09:34]} {[%emt 00:00:02]} 37. h3
{[%clk 00:15:44]} {[%emt 00:00:22]} h6 {[%clk 00:05:03]} {[%emt 00:05:31]} 38.
e7 {[%clk 00:14:37]} {[%emt 00:02:08]} Re8 {[%clk 00:04:37]} {[%emt 00:00:53]}
39. Re1 {[%clk 00:13:59]} {[%emt 00:01:10]} Nc3 {[%clk 00:04:11]} {[%emt
00:00:56]} 40. Kh1 {[%clk 00:14:19]} {[%emt 00:00:09]} Qd7 {[%clk 00:03:21]}
{[%emt 00:01:19]} 41. Re6 {[%clk 00:13:52]} {[%emt 00:00:59]} Nd5 {[%clk
00:03:09]} {[%emt 00:00:43]} 42. Rd6 {[%clk 00:14:13]} {[%emt 00:00:09]} Qxd6
{[%clk 00:01:43]} {[%emt 00:01:56]} 43. Qxe8+ {[%clk 00:14:37]} {[%emt
00:00:05]} Kh7 {[%clk 00:02:11]} {[%emt 00:00:02]} 44. Qd8 {[%clk 00:14:04]}
{[%emt 00:01:03]} Qxe7 {[%clk 00:02:34]} {[%emt 00:00:07]} 45. Qxd5 {[%clk
00:14:30]} {[%emt 00:00:04]} Qe1+ {[%clk 00:02:06]} {[%emt 00:00:58]} 46. Kh2
{[%clk 00:14:57]} {[%emt 00:00:03]} Qe5+ {[%clk 00:02:07]} {[%emt 00:00:29]} 47.
Qxe5 {[%clk 00:15:23]} {[%emt 00:00:04]} fxe5 {[%clk 00:02:36]} {[%emt
00:00:02]} 48. Kg3 {[%clk 00:15:45]} {[%emt 00:00:07]} Kg6 {[%clk 00:02:51]}
{[%emt 00:00:15]} 49. Kf2 {[%clk 00:16:08]} {[%emt 00:00:06]} Kf5 {[%clk
00:03:03]} {[%emt 00:00:19]} 50. Ke3 {[%clk 00:16:31]} {[%emt 00:00:07]} Ke6
{[%clk 00:02:24]} {[%emt 00:01:09]} 51. Kd3 {[%clk 00:15:31]} {[%emt 00:01:30]}
Kd5 {[%clk 00:02:47]} {[%emt 00:00:07]} 52. a4 {[%clk 00:15:48]} {[%emt
00:00:14]} c4+ {[%clk 00:02:35]} {[%emt 00:00:41]} 53. Kc3 {[%clk 00:16:16]}
{[%emt 00:00:02]} Kc5 {[%clk 00:02:55]} {[%emt 00:00:11]} 54. g3 {[%clk
00:15:24]} {[%emt 00:01:22]} g5 {[%clk 00:02:28]} {[%emt 00:00:57]} 55. a5
{[%clk 00:14:32]} {[%emt 00:01:22]} a6 {[%clk 00:02:54]} {[%emt 00:00:03]} 56.
g4 {[%clk 00:14:35]} {[%emt 00:00:27]} Kb5 {[%clk 00:03:08]} {[%emt 00:00:17]}
57. f4 {[%clk 00:14:42]} {[%emt 00:00:23]} exf4 {[%clk 00:03:23]} {[%emt
00:00:15]}  0-1